Normal view
MARC view
Entry Personal Name
001 - CONTROL NUMBER
- control field: 6899
003 - CONTROL NUMBER IDENTIFIER
- control field: BD-RjUL
005 - DATE AND TIME OF LATEST TRANSACTION
- control field: 20230208105336.0
008 - FIXED-LENGTH DATA ELEMENTS
- fixed length control field: 230208|| aca||aabn | a|a d
040 ## - CATALOGING SOURCE
- Original cataloging agency: BD-RjUL
- Transcribing agency: BD-RjUL
100 ## - HEADING--PERSONAL NAME
- Personal name: سوفاجيه, جان sufajih, jan
670 ## - SOURCE DATA FOUND
- Source citation: Work cat.: (BD-RjUL)81190: سوفاجيه, جان sufajih, jan, دائرالتراث العربي dayiralaturath alearabii /